The Rise and Fall of Civilizations : Modern Archaeological Approaches to Ancient Cultures /

Guardado en:
書目詳細資料
主要作者: Lamberg-Karlovsky, C.C (selección)
其他作者: Sabloff, Jeremy A. (selección) (selección)
格式: 圖書
語言:英语
出版: Menlo Park, EUA : Cummings, 1974, c1974
標簽: 添加標簽
沒有標簽, 成為第一個標記此記錄!

MARC

LEADER 00000nam^a2200000^a^4500
001 000558126
005 20250526000000.0
009 20260310131815.587
020 |a 0-8465-6706-7 
037 |a Acervo ITESO - Biblioteca 
041 |a ING 
091 |a FHA. 01978 
100 |a Lamberg-Karlovsky, C.C.  |e (selección) 
245 1 4 |a The Rise and Fall of Civilizations :  |b Modern Archaeological Approaches to Ancient Cultures / 
264 4 |a Menlo Park, EUA :  |b Cummings,  |c 1974, c1974 
300 |a 485 p. ;  |c 23.0 cm. 
336 |a texto  |b txt  |2 rdacontenido 
337 |a sin mediación  |b n  |2 rdamedio 
338 |a volumen  |b nc  |2 rdasoporte 
515 |a Inventario familia Hartung: 2563 
649 |a XX 
700 |a Sabloff, Jeremy A.  |e (selección) 
910 |a Fondo Horst Hartung Franz 
920 |a Impresos - Libros 
930 |a Libros Antiguos y Raros 
905 |a 135 
901 |a 0500335584  |b IT2  |c LRA  |i D  |u 20250526 
902 |a https://opac.biblio.iteso.mx/vufind/Record/000558126